Регионална библиотека "Любен Каравелов" - Русе

Съдбата на адмирала 1891 - 1974 (Запис номер 64820)

MARC детайли
000 -Лидер
Контролно поле с фиксирана дължина 02186nam a2200397 c 4500
003 - Код на организацията, давaща контролен номер
Контролно поле BLK
005 - Дата и час на последна редакция
Контролно поле 20180422102715.0
008 - Елементи от данни с фиксирана дължина
fixed length control field 180408b bul|||||r ||||||| ||bul||
010 ## - Наследен системен номер
LC control number KNG00069090000
020 ## - Международен стандартен номер на книга ISBN
Международен стандартен номер на книга ISBN 954-9484-06-8
-- издат.: Морски свят
040 ## - Източник на каталожния запис
Идентификатор на билиотеката - собственик на записа BLK
041 ## - Код за език
Код за езика на текст/звукозапис или на отделно заглавие Български
Код за езика КДБФ Български
080 ## - УДК
Текстов определител УДК Военноморски флот - Персонал и организация. Служби. Части, принадлежащи към военно-морския флот - морска пехота, морскаартилерия и въздушни сили;технически служби в морския флот;санитарна служба
УДК код - определител по УДК 359
УДК определител (497.2)(092)
УДК - код + определител 359(497.2)(092)
080 ## - УДК
Текстов определител УДК Български адмирал, командващ Българския военноморски флот
УДК код - определител по УДК 929 Вариклечков, Иван Петров
УДК определител
УДК - код + определител 929 Вариклечков, Иван Петров
100 1# - Редна дума - Автор
Автор Антонов, Георги
Авторска отговорност първи автор
R(LIN) 366673
139 ## - Редно поле
Редна дума Антонов, Георги
Авторски знак Вар - В 22
245 10 - Сведения за заглавието
Заглавие Съдбата на адмирала 1891 - 1974
Подзаглавни данни Щрихи от живота и делото на контраадмирал Иван Вариклечков
Редно поле (дума) Георги Антонов.
257 ## - Страна на издаване
Страна на създаване/издаване България
260 ## - Област на издателските данни
-- Варна
Име на издателя, разпространителя и проч. Морски свят
Година на издаване 2006
Печатница Варна : Колор принт
300 ## - Физическа характеристика
Страници 48 с., 15 л. сн., факс.
Размери/Мащаб 20Х21 см
380 ## - Жанр
Жанр Обществени науки
500 ## - Общи забележки
Забележка Съдържа и за авт.
600 14 - Име на лице, използвано като предмет
За него / За нея Вариклечков, Иван Петров
9 (RLIN) 222469
650 #4 - Допълнително описание по предмет – тема
Основно описание – тема или топоним Военноморски флот - България - история
9 (RLIN) 249722
650 #4 - Допълнително описание по предмет – тема
Основно описание – тема или топоним Офицери - Военноморски флот - България - история
9 (RLIN) 292176
650 #4 - Допълнително описание по предмет – тема
Основно описание – тема или топоним Вариклечков, Иван Петров
9 (RLIN) 222469
651 #4 - Допълнително описание по предмет - топоним
Географско понятие България
9 (RLIN) 241624
653 ## - Ключова дума – ненормативна
Ключова дума военноморски флот
653 ## - Ключова дума – ненормативна
Ключова дума офицери
653 ## - Ключова дума – ненормативна
Ключова дума Иван Вариклечков
852 ## - Местоположение
Форматна сигнатура Цб 229833
856 4# - Електронен адрес и достъп
Електронен формат pdf - файл
Път до файла /url/
856 4# - Електронен адрес и достъп
Електронен формат pdf - файл
Път до файла /url/
942 ## - АРТИКУЛИ
Вид на библиотечния материал Книги
Скрит в OPAC Не
944 ## - СЪЗДАВАНЕ И РЕДАКЦИЯ на ЗАПИСА
Създаване/Редакция Създаване
Дата на регистрацията/редакция 31.10.2006
Статус, дата на статуса ф /
Служител, извършил регистрацията/редакцията Геновева_Генчева
944 ## - СЪЗДАВАНЕ И РЕДАКЦИЯ на ЗАПИСА
Създаване/Редакция Редакция
Дата на регистрацията/редакция 10.12.2015
Статус, дата на статуса ф /
Служител, извършил регистрацията/редакцията Людмила_Стоянова
999 ## - СИСТЕМНИ КОНТРОЛНИ НОМЕРА
Koha biblionumber 64820
Koha biblioitemnumber 64820
Наличности
Код за отписване Код за изгубен артикул Код за повреда Коз за рестрикции Код за отдаване Артикулен № Име на библиотеката - собственик Име на библиотеката, в която се намира в момента Статус (Текущо местоположение) Дата на вписване в системата Местоположение - отдел Цена в лева Инвентарен номер Систематично азбучна сигнатура Баркод Номер на екземпляра Цена в евро Служебна бележка Служебен тип на артикула Източник на класификационната схема
Изтеглен Не е изгубен Не е повреден без рестрикции заемане за дома 107025 Регионална библиотека "Любен Каравелов" Русе Регионална библиотека "Любен Каравелов" Русе Заемна - подръчен фонд 2006-10-31 Заемна - подръчен фонд 4.00 120000706349 П 355/359(092)/В 22 120000706349 1 2.05 Дост: DA Вид: А N: 18 Дата: 31.10.2006 Дата инв: 06.02.2018 Бележки инв: П2018 Книги  
  Не е изгубен Не е повреден без рестрикции ползва се в читалня 107026 Регионална библиотека "Любен Каравелов" Русе Регионална библиотека "Любен Каравелов" Русе Хранилище 2007-05-16 Хранилище 0.00 120000713558 Цб 229833 120000713558 2 0.00 Дост: Dp Вид: Д N: 50 Дата: 15.11.2006 Книги  
Изтеглен Не е изгубен Не е повреден без рестрикции заемане за дома 107027 Регионална библиотека "Любен Каравелов" Русе Регионална библиотека "Любен Каравелов" Русе Заемна - подръчен фонд 2015-11-25 Заемна - подръчен фонд 4.00 120000795032 П 355/359(092)/В 22 120000795032 3 2.05 Дост: DA Вид: А N: 23 Дата: 25.11.2015 Книги Universal Decimal Classification
Vip Innovations Ltd, Rousse, Bulgaria 2025